Tikendrajit (Record no. 2547)

MARC details
000 -LEADER
fixed length control field 00464cam a2200193ua 4500
001 - CONTROL NUMBER
control field 2698
005 - DATE AND TIME OF LATEST TRANSACTION
control field 20260515113544.0
008 - FIXED-LENGTH DATA ELEMENTS--GENERAL INFORMATION
fixed length control field 110908n ii |||gr||||Z||||||asm
040 ## - CATALOGING SOURCE
Transcribing agency MAIN
082 ## - DEWEY DECIMAL CLASSIFICATION NUMBER
Classification number 891.4512
100 ## - MAIN ENTRY--PERSONAL NAME
Personal name Hazarika, Atul Chandra,
245 11 - TITLE STATEMENT
Title Tikendrajit
Statement of responsibility, etc. by Atul Chandra Hazarika
250 ## - EDITION STATEMENT
Edition statement 2nd.
260 ## - PUBLICATION, DISTRIBUTION, ETC.
Place of publication, distribution, etc. Guahati:
Name of publisher, distributor, etc. Junaki Prakash,972.
300 ## - PHYSICAL DESCRIPTION
Extent 84p:
Dimensions 23cm.
653 ## - INDEX TERM--UNCONTROLLED
Uncontrolled term Assamese drama
653 ## - INDEX TERM--UNCONTROLLED
Uncontrolled term Tikendrajit
942 ## - ADDED ENTRY ELEMENTS (KOHA)
Koha item type Books
Holdings
Withdrawn status Lost status Damaged status Not for loan Home library Current library Shelving location Date acquired Total checkouts Full call number Barcode Date last seen Date last checked out Copy number Price effective from Koha item type
        Naharkatiya College Library Naharkatiya College Library General stacks 09/19/2020 1 891.4512 | HAZ 7198 09/24/2024 09/16/2024 5 09/19/2020 Books
        Naharkatiya College Library Naharkatiya College Library General stacks 09/19/2020 4 891.4512 | HAZ 7199 12/19/2024 12/03/2024 7 09/19/2020 Books
        Naharkatiya College Library Naharkatiya College Library General stacks 09/19/2020 1 891.4512 | HAZ 7200 09/24/2024 09/16/2024 3 09/19/2020 Books
        Naharkatiya College Library Naharkatiya College Library General stacks 09/19/2020   891.4512 | HAZ 7201 09/19/2020   2 09/19/2020 Books
        Naharkatiya College Library Naharkatiya College Library General stacks 09/19/2020 1 891.4512 | HAZ 7202 12/23/2024 12/12/2024 1 09/19/2020 Books
        Naharkatiya College Library Naharkatiya College Library General stacks 09/19/2020   891.4512 | HAZ 7203 09/19/2020   4 09/19/2020 Books
        Naharkatiya College Library Naharkatiya College Library General stacks 09/19/2020 2 891.4512 | HAZ 7204 09/29/2022 09/20/2022 6 09/19/2020 Books
        Naharkatiya College Library Naharkatiya College Library General stacks 09/19/2020 2 891.4512 | HAZ 7205 10/07/2022 09/20/2022 8 09/19/2020 Books